00342nam a2200133Ia 4500003000400000005001700004008004100021040000700062082001900069100002100088245003900109260004700148365001300195OSt20230608152016.0210423s2004 xx 000 0 und d cAL a362.8 SHAF223 aSHARMA (Poonam). aFamily welfare programme in india. aNew DelhibDeep and deep publicationc2004 b400cINR